书目信息 |
| 题名: |
城市土地优化配制与集约利用评价 理论 方法 技术 实证
|
|
| 作者: | 郑新奇 著 | |
| 分册: | ||
| 出版信息: | 北京 科学出版社 2004.10 |
|
| 页数: | ||
| 开本: | 16开 | |
| 丛书名: | ||
| 单 册: | ||
| 中图分类: | F293.2 | |
| 科图分类: | ||
| 主题词: | 城市经济 , 市政经济 | |
| 电子资源: | ||
| ISBN: | 7-03-014604-2 | |
| 000 | 00633nam0 2200193 450 | |
| 001 | 0736196517 | |
| 005 | 20070924100316.51 | |
| 010 | @a7-03-014604-2@d¥33.00 | |
| 100 | @a20070924d km y0chiy0120 ea | |
| 101 | 0 | @achi |
| 200 | 1 | @a城市土地优化配制与集约利用评价 理论 方法 技术 实证@Acheng shi tu di you hua pei zhi yu ji yue li yong ping jia li lun fang fa ji shu shi zheng@f郑新奇 著@Fzheng xin qi zhu |
| 210 | @a北京@c科学出版社@d2004.10 | |
| 215 | @d16开 | |
| 606 | 0 | @a城市经济 |
| 606 | 0 | @a市政经济 |
| 690 | @aF293.2@v3 | |
| 701 | 0 | @a郑新奇@Azheng xin qi@4著 |
| 801 | 0 | @aCN@bPFT@c20070924 |
| 905 | @a213230@dF293.2@eZY02@f1 | |
| 城市土地优化配制与集约利用评价 理论 方法 技术 实证/郑新奇 著.-北京:科学出版社,2004.10 |
| 16开 |
| ISBN 7-03-014604-2:¥33.00 |
| ● |
| 相关链接 |
|
|
|
|
正题名:城市土地优化配制与集约利用评价 理论 方法 技术 实证
索取号:F293.2/ZY02
 
预约/预借
| 序号 | 登录号 | 条形码 | 馆藏地/架位号 | 状态 | 备注 |
| 1 | 7901471 | 279014718 | 密集书库-资源管理系/ [索取号:F293.2/ZY02] | 在馆 |